Violence in Gujarat : test case for a larger fundamentalist agenda : (Record no. 4605)
[ view plain ]
| 000 -LEADER | |
|---|---|
| fixed length control field | 00771nam a2200193 4500 |
| 008 - FIXED-LENGTH DATA ELEMENTS--GENERAL INFORMATION | |
| fixed length control field | 240108b |||||||| |||| 00| 0 eng d |
| 082 ## - DEWEY DECIMAL CLASSIFICATION NUMBER | |
| Classification number | 302.14 |
| Item number | NAT |
| 942 ## - ADDED ENTRY ELEMENTS (KOHA) | |
| Item Type | Reports |
| 110 ## - MAIN ENTRY--CORPORATE NAME | |
| Corporate Name | National Alliance of Women |
| 700 ## - ADDED ENTRY--PERSONAL NAME | |
| Personal name | Chenoy, Kamal Mitra |
| Relator Term | editor |
| 245 ## - TITLE STATEMENT | |
| Title | Violence in Gujarat : test case for a larger fundamentalist agenda : |
| Sub Title | report of the Citizen's Commission on persecution of Christians in Gujarat |
| 260 ## - PUBLICATION, DISTRIBUTION, ETC. (IMPRINT) | |
| Place of Publication | New Delhi: |
| Name of Publisher | The Alliance, |
| Date of Copyright | 1999 |
| 300 ## - PHYSICAL DESCRIPTION | |
| Extent | 88 p. : ill. (some color), map ; 29 cm |
| 856 ## - ELECTRONIC LOCATION AND ACCESS | |
| Uniform Resource Identifier | <a href="https://cjp.org.in/wp-content/uploads/2020/07/Violence-in-Gujarat-Final_.pdf">https://cjp.org.in/wp-content/uploads/2020/07/Violence-in-Gujarat-Final_.pdf</a> |
| 650 ## - SUBJECT ADDED ENTRY--TOPICAL TERM | |
| Topical Term | Christians, Violence against- India -Gujarat |
| 650 ## - SUBJECT ADDED ENTRY--TOPICAL TERM | |
| Topical Term | Communalism |
| 650 ## - SUBJECT ADDED ENTRY--TOPICAL TERM | |
| Topical Term | Persecution- India -Gujarat |
| 650 ## - SUBJECT ADDED ENTRY--TOPICAL TERM | |
| Topical Term | Violence -India -Gujarat |
| Withdrawn status | Lost status | Source of classification or shelving scheme | Damaged status | Not for loan | Permanent location | Current location | Date acquired | Total Checkouts | Full call number | Barcode | Date last seen | Price effective from | Koha item type |
|---|---|---|---|---|---|---|---|---|---|---|---|---|---|
| Dewey Decimal Classification | Resource center, Muslim Women's Research And Action Forum | Resource center, Muslim Women's Research And Action Forum | 2024-01-08 | 302.14 NAT | RAF4696 | 2024-01-08 | 2024-01-08 | Reports |

